000 00452nam a2200157Ia 4500
008 240729s9999 xx 000 0 und d
022 _a1743-8942
245 0 _aJournal of Psychosomatic Obstetrics and Gynecology
260 _aUnited Kingdom
260 _bTaylor & Francis Group
650 _a Gynecology and obstetrics
650 _aMedicine
856 _uhttps://doaj.org/toc/3dd2f98e4b154e6b83e945d791692f8e
942 _2ddc
942 _cDOAJEJ
999 _c72344
_d72344
945 _a1
_bMadushi Gamage
_c1
_dMadushi Gamage